| 000 | 00661nam a22001577a 4500 | ||
|---|---|---|---|
| 999 |
_c61573 _d61573 |
||
| 005 | 20240326103654.0 | ||
| 008 | 240326c2001 ru ||||| |||| 00| 0 geo d | ||
| 041 | _ageo | ||
| 245 |
_aწინაქრისტიანული ხანის ქართული ხელოვნება : _b2001 / _cმთავარი რედაქტორი ზ. ბრაგვაძე. |
||
| 260 |
_aთბილისი, _c2001. |
||
| 300 | _aV. | ||
| 653 | _aქართული ხელოვნება | ||
| 653 | _aპერიოდიკა | ||
| 700 |
_aბრაგვაძე, ზ. _eრედაქტორი _918273 |
||
| 942 |
_2udc _cCR |
||